00288nam a2200133Ia 45000030006000000080041000060400015000471000016000622450028000782500010001062600009001165460012001250050017001370STCL150530s9999 xx 000 0 und d aSTCLcSTCL aDavis, C.P. aCost accounting part II aThird c1990 aEnglish20220125170535.0